01006nas a2200241Ia 4500001001100000003000900011008004100020040001300061040001300074041001300087100003800100210001600138222001600154245010100170250001100271260003900282501008600321300001000407310001600417362003500433500026000468650003600728R017/H5266IT-RoPAU151124c99999999xx |||||||||||| ||und|| aIT-RoPAU cIT-RoPAU aITALIANO aAA.VV. gCodice Aut. SPICS: 12000 aFILMCRITICA aFilmcritica aFILMCRITICA SCUOLA, ANNO 7-N.28 (DICEMBRE 2004)bFilmcritica Scuola, Anno 7-N.28 (Dicembre 2004) a1a ed. aMONTEPULCIANO (SI)bLE BALZEc2004 bPaulus - SPICS - Società San Paolo EM (non-commercial uses only)cCopyright2015 a16 p. aTRIMESTRALE aANNO 007, N.28 (DICEMBRE 2004) aSupplemento Alla Rivista Filmcritica N. 550. Leggere il Cinema: Antologia del Pensiero Critico di Edoardo Bruno a Cura di L. Esposito. Sugli Schermi:Rileggere un Film-The Manchurian Candidate (J. Demme). Di D. Dottorini. Giovanicontro: Io Ballo da Sola (B aCINEMAvPUBBLICAZIONE PERIODICA